| 000 | 00677nab a2200193 4500 | ||
|---|---|---|---|
| 001 | 244442 | ||
| 003 | OSt | ||
| 005 | 20260413121735.0 | ||
| 007 | tu | ||
| 008 | 260413s2020||||||| | ||
| 040 |
_aDE-2950 _cDE-2950 |
||
| 245 | 0 | 0 |
_aBooßen und Barrierefreiheit auf der Maßnahmeliste _bFinanzen. Frankfurt Stadtverordnete haben beschlossen, wofür das Sondervermögen eingesetzt werden soll. Kurz vor der Abstimmung gab es noch zwei Neuzugänge/ _cLisa Larossa |
| 264 | _c2026 | ||
| 653 | _aFrankfurt (O) | ||
| 653 | _aSondervermögen | ||
| 653 | _aVerwendung | ||
| 773 | 0 |
_g37. Jahrgang (2026) Nr. 79 vom 04.04.2026 , S. 17 mit Foto _tMärkische Oderzeitung |
|
| 942 |
_2z _cA |
||
| 999 |
_c374368 _d374368 |
||